Formel 1 Strecken - Statistiken

Allgemein
  • Dieses Quiz wurde 600 mal gespielt
  • Das Durchschnittsergebnis liegt bei 14 aus 24
Answers on the Grid
Answers color-coded by a green-red scale on the quiz's grid according to % correct below.
Kyalami Grand Prix Circuit
Circuit de Spa-Francorchamps
Monza Circuit
Silverstone Circuit
Hockenheimring
Red Bull Ring
Nürburgring
Circuit de Barcelona-Catalunya
Hungaroring
Suzuka International Racing Course
Circuit of the Americas
Yas Marina Circuit
Marina Bay Street Circuit
Baku City Circuit
Circuit Gilles Villeneuve
Sepang International Circuit
Interlagos (Autódromo José Carlos Pace)
Albert Park Circuit
Bahrain International Circuit
Miami International Autodrome
Jeddah Street Circuit
Las Vegas Street Circuit
Shanghai International Circuit
Istanbul Park
Imola (Autodromo Enzo e Dino Ferrari)
Circuit de Monaco (Monte Carlo, Monaco)
Losail International Circuit (Lusail, Katar)
Autodromo Hermanos Rodríguez (Mexiko-Stadt, Mexiko)
Circuit Zandvoort (Zandvoort, Niederlande)
 
Antwortstatistiken
Antwort % Korrekt
Silverstone Circuit
83%
Circuit de Spa-Francorchamps
82%
Monza Circuit
79%
Red Bull Ring
73%
Circuit de Barcelona-Catalunya
62%
Baku City Circuit
60%
Suzuka International Racing Course
60%
Circuit de Monaco (Monte Carlo, Monaco)
55%
Circuit Zandvoort (Zandvoort, Niederlande)
55%
Las Vegas Street Circuit
55%
Bahrain International Circuit
54%
Imola (Autodromo Enzo e Dino Ferrari)
53%
Miami International Autodrome
53%
Yas Marina Circuit
53%
Autodromo Hermanos Rodríguez (Mexiko-Stadt, Mexiko)
52%
Hungaroring
52%
Jeddah Street Circuit
51%
Shanghai International Circuit
51%
Albert Park Circuit
50%
Losail International Circuit (Lusail, Katar)
50%
Marina Bay Street Circuit
50%
Circuit of the Americas
49%
Interlagos (Autódromo José Carlos Pace)
48%
Circuit Gilles Villeneuve
43%
Keine übereinstimmenden Quizze gefunden
Verteilung der Resultate
Anzahl Personen mit jedem Resultat
Perzentil nach korrekt beantworteten Fragen
Ihre Resultats-Entwicklung
Sie haben dieses Quiz noch nicht gespielt